Les Primitifs Flamands (Record no. 4214)
[ view plain ]
| 000 -CABECERA | |
|---|---|
| campo de control de longitud fija | 01004nam a2200289 a 4500 |
| 001 - NÚMERO DE CONTROL | |
| campo de control | BRCA_4508 |
| 005 - FECHA Y HORA DE LA ÚLTIMA TRANSACCIÓN | |
| campo de control | 20190320204710.0 |
| 008 - DATOS DE LONGITUD FIJA--INFORMACIÓN GENERAL | |
| campo de control de longitud fija | 140910s1958----be-a######---#000-0#fre-# |
| 041 ## - CÓDIGO DE LENGUA | |
| Código de lengua del texto/banda sonora o título independiente | fre |
| 044 ## - CÓDIGO DEL PAÍS DE LA ENTIDAD EDITORA/PRODUCTORA | |
| Código MARC del país | be |
| 050 #4 - SIGNATURA TOPOGRÁFICA DE LA BIBLIOTECA DEL CONGRESO | |
| Número de clasificación | ND665 |
| Número de documento/Ítem | .L38 1958 |
| 100 1# - ENTRADA PRINCIPAL--NOMBRE DE PERSONA | |
| Nombre de persona | Lavalleye, J. |
| 9 (RLIN) | 11420 |
| 245 10 - MENCIÓN DE TÍTULO | |
| Título | Les Primitifs Flamands |
| Resto del título | Repertoire des peintures flamandes des Quinzieme et seizieme siecles |
| Mención de responsabilidad, etc. | Sous la direction de J. Lavalleye. |
| 260 ## - PUBLICACIÓN, DISTRIBUCIÓN, ETC. | |
| Lugar de publicación, distribución, etc. | Amberes, Bélgica |
| Nombre del editor, distribuidor, etc. | Sikkel |
| Fecha de publicación, distribución, etc. | 1958 |
| 300 ## - DESCRIPCIÓN FÍSICA | |
| Extensión | 47 p. |
| Otras características físicas | il., 30 láminas |
| Dimensiones | 29 cm. |
| 440 #0 - MENCIÓN DE SERIE/PUNTO DE ACCESO ADICIONAL--TÍTULO | |
| Título | Collections d´Espagne |
| Designación de volumen o secuencia | 2 |
| 9 (RLIN) | 11421 |
| 500 ## - NOTA GENERAL | |
| Nota general | Incluye tabla de nombres de personas, tabla de nombres de lugares y tabla iconográfica |
| 500 ## - NOTA GENERAL | |
| Nota general | CG16 |
| 504 ## - NOTA DE BIBLIOGRAFÍA, ETC. | |
| Nota de bibliografía, etc. | Bibliografía: p. 9-11 |
| 650 14 - PUNTO DE ACCESO ADICIONAL DE MATERIA--TÉRMINO DE MATERIA | |
| Término de materia o nombre geográfico como elemento de entrada | Pintura flamenca |
| 9 (RLIN) | 11422 |
| 650 14 - PUNTO DE ACCESO ADICIONAL DE MATERIA--TÉRMINO DE MATERIA | |
| Término de materia o nombre geográfico como elemento de entrada | Pintura |
| Subdivisión general | Historia |
| 9 (RLIN) | 11423 |
| 650 14 - PUNTO DE ACCESO ADICIONAL DE MATERIA--TÉRMINO DE MATERIA | |
| Término de materia o nombre geográfico como elemento de entrada | Galerías y museos |
| Subdivisión geográfica | España |
| 9 (RLIN) | 7331 |
| 650 14 - PUNTO DE ACCESO ADICIONAL DE MATERIA--TÉRMINO DE MATERIA | |
| Término de materia o nombre geográfico como elemento de entrada | Arte |
| Subdivisión general | Colecciones particulares |
| 9 (RLIN) | 7906 |
| 650 14 - PUNTO DE ACCESO ADICIONAL DE MATERIA--TÉRMINO DE MATERIA | |
| Término de materia o nombre geográfico como elemento de entrada | Arte |
| Subdivisión general | Coleccionistas y colecciones |
| 9 (RLIN) | 7445 |
| 902 ## - CATALOGADOR | |
| Iniciales | GFM |
| 942 ## - ELEMENTOS DE PUNTO DE ACCESO ADICIONAL (KOHA) | |
| Fuente del sistema de clasificación o colocación | Library of Congress Classification |
| Tipo de ítem Koha | Libros |
| Estado de retiro | Estado de pérdida | Estado dañado | No para préstamo | Localización permanente | Ubicación/localización actual | Fecha de adquisición | Número de inventario | Total de préstamos | Signatura topográfica completa | Código de barras | Fecha visto por última vez | Precio válido a partir de | Tipo de ítem Koha |
|---|---|---|---|---|---|---|---|---|---|---|---|---|---|
| El ejemplar forma parte de la colección y puede ser consultado según las políticas vigentes. | Biblioteca del Museo Franz Mayer (Rogerio Casas-Alatriste) | Biblioteca del Museo Franz Mayer (Rogerio Casas-Alatriste) | 14/09/2010 | CG16 | ND665 .L38 1958 (CG16) | 4505 | 22/03/2019 | 22/03/2019 | Libros |